| Поле | Инд. | ПП | Название | Значение |
|---|---|---|---|---|
| Тип записи | a | |||
| Библиографический уровень | m | |||
| 001 | Контрольный номер | d4432cd040e84154be9fe5d09a5a84da | ||
| 005 | Дата корректировки | 20260225102942.3 | ||
| 084 | a | Индекс другой классификации/Индекс ББК | 95 | |
| 091 | i | Возрастная адресация (DOS) | 6+ | |
| 097 | b | Оператор | Кондратьева | |
| 245 | 10 | a | Заглавие | Юный эрудит |
| n | Номер части/ раздела | 1 | ||
| 260 | c | Дата издания | 2026 | |
| 900 | a | Имя макрообъекта | 0000003906881 | |
| 901 | t | Тип документа | s |